000 01037nam a22003137a 4500
003 EG-ScBUE
005 20220616120033.0
008 110608s2008 enk f 000 1 eng d
020 _a140588214X
020 _a9781405882149
040 _aEG-ScBUE
_beng
_erda
_cEG-ScBUE
_dEG-ScBUE
082 0 4 _222
_a823.7
_bAUS
100 1 _919409
_aAusten ,Jane,
_d1812-1870,
_eauthor.
245 1 0 _aEmma /
_cJane Austen ; retold by Annette Barnes.
264 1 _aHarlow, England :
_bPearson Education Limited,
_c2008.
300 _a64 pages ;
_c20 cm.
336 _2rdacontent
_atext
_btxt
337 _2rdamedia
_aunmediated
_bn
338 _2rdacarrier
_avolume
_bnc
490 0 _aPenguin readers ;
_vlevel 4
521 _aB1: Intermediate
650 7 _98565
_aFathers and daughters
_vFiction.
_2BUEsh
650 7 _aFemale friendship
_vFiction.
_2BUEsh
_939115
650 7 _aMate selection
_vFiction.
_2BUEsh
653 _cJune2011
_bHHUUEENN
655 _vReading book
_934232
700 1 _924972
_aBarnes, Annette,
_econtributor.
942 _2ddc
_cBB
999 _c15575
_d15575